Talking to dragons

Gardado en:
Detalles Bibliográficos
Autor Principal: Wrede, Patricia C.
Formato: Libro
Idioma:Undetermined
Publicado: Orlando, Fla. Magic Carpet Books 2003
Những chủ đề:
Các nhãn: Engadir etiqueta
Sen Etiquetas, Sexa o primeiro en etiquetar este rexistro!
Thư viện lưu trữ: Trung tâm Học liệu Trường Đại học Cần Thơ
LEADER 00474nam a2200181Ia 4500
001 CTU_226470
008 210402s9999 xx 000 0 und d
082 |a 813.54 
082 |b W944 
100 |a Wrede, Patricia C. 
245 0 |a Talking to dragons 
245 0 |c Patricia C. Wrede 
260 |a Orlando, Fla. 
260 |b Magic Carpet Books 
260 |c 2003 
650 |a Rồng,Dragons 
910 |b nthai 
980 |a Trung tâm Học liệu Trường Đại học Cần Thơ